Juegos psicológicos
সংরক্ষণ করুন:
| প্রধান লেখক: | |
|---|---|
| বিন্যাস: | গ্রন্থ |
| ভাষা: | স্প্যানিশ |
| প্রকাশিত: |
Madrid
Pirámide
1983
|
| বিষয়গুলি: | |
| ট্যাগগুলো: |
ট্যাগ যুক্ত করুন
কোনো ট্যাগ নেই, প্রথমজন হিসাবে ট্যাগ করুন!
|
MARC
| LEADER | 00000nam a2200000 a 4500 | ||
|---|---|---|---|
| 001 | UCW3290 | ||
| 003 | CL-VaPUC | ||
| 008 | 880616e19830000SP |||||||||||||||||spa|d | ||
| 082 | 0 | 4 | |a 153.93 |b DEC |2 21 |
| 100 | 0 | |a De Carlo, Nicola Alberto |e author |9 307458 | |
| 245 | 1 | 0 | |a Juegos psicológicos |
| 300 | |a 183 p | ||
| 942 | |c BK | ||
| 945 | |d 19880616 00:00:00 | ||
| 260 | |a Madrid |b Pirámide |c 1983 | ||
| 650 | 0 | |a Pruebas psicológicas |9 307459 | |
| 650 | 7 | |a JUEGOS DE ESTRATEGIA MATEMATICAS |2 CL-VaPUC |9 270321 | |
| 650 | 7 | |a JUEGOS PSIQUICOS |2 CL-VaPUC |9 307460 | |
| 650 | 7 | |a MATEMATICAS RECREATIVAS |2 CL-VaPUC |9 269273 | |
| 650 | 0 | |a Pruebas de inteligencia |9 307461 | |
| 583 | |a last modification |c 19880616 00:00:00 |k Rodrigo Vera | ||
| 999 | |c 217381 |d 217379 | ||
| 952 | |0 0 |1 0 |4 0 |6 153_930000000000000_DEC_1983 |7 0 |8 R |9 204818 |a BIBEDU |b BIBEDU |c MCIRC |d 2019-11-15 |i 2726106 |o 153.93 DEC 1983 |p 2726106 |r 2023-01-13 |w 2019-11-15 |y BK_R |k EDU | ||